00413pab a2200145 454500008004000000100001800040245007600058260000900134300001300143362000800156650002700164650002000191700002200211773003400233180718b1995 xxu||||| |||| 00| 0 eng d aDess, Gregory aConsensus - performance researchbtheoretical and empirical extensions. c1995 ap.401-17 aJul aDecision-making, Group aDecision-making aPriem, Richard L. aJournal of Management Studies